Methods of mathematical physics
Saved in:
| Main Author: | |
|---|---|
| Other Authors: | |
| Format: | Book |
| Language: | English Greek |
| Published: |
New York :
Interscience Publishers,
1965 1989
|
| Subjects: | |
| Tags: |
Add Tag
No Tags, Be the first to tag this record!
|
MARC
| LEADER | 00000nam a2200000 i 4500 | ||
|---|---|---|---|
| 001 | 1/36846 | ||
| 008 | 941103s19651989 eng d | ||
| 020 | |a 0-471-50447-5 | ||
| 020 | |a 0-471-50439-4 | ||
| 035 | |a 1992 |c ΔΩΡΕΑ |l 10040346 | ||
| 035 | |a 1993 |c ΣΕΙΜΕΝΗΣ | ||
| 035 | |a 1990 |c ΦΛΕΣΣΑΣ | ||
| 035 | |a 1993 |c ΧΑΤΖΗΣΑΒΒΑΣ | ||
| 040 | |a GR-MY-UA |b gre |e aacr | ||
| 041 | 0 | |a eng |h gre | |
| 082 | 0 | |a 530.15 | |
| 100 | 1 | |a Courant, Richard |d 1888-1972. | |
| 245 | 1 | 0 | |a Methods of mathematical physics / |c by R. Courant and D. Hilbert |
| 260 | |a New York : |b Interscience Publishers, |c 1965 |c 1989 | ||
| 300 | |a v.2 ; |b ill.; |c 23 cm. | ||
| 500 | |a Translation of: Methoden der mathematischen Physik | ||
| 500 | |a First english edition, translated and revised from the german original | ||
| 504 | |a Bibliography: p. v. 2, p. 799-818 | ||
| 505 | 0 | |a v.2: Partial differential equations | |
| 650 | 0 | 0 | |a Mathematical physics. |
| 700 | 1 | |a Hilbert, David, |d 1862-1943. | |
| 740 | 0 | 2 | |a Partial differential equations |
| 852 | |a INST |b LESVOS |e 19991123 |h 530.15 COU |p 005100018980 |q 005100018980 |t BK |y 4 |x 20200115 |z v.2 | ||
| 852 | |a INST |b LESVOS |e 20000515 |h 530.15 COU |p 005100024219 |q 005100024219 |t BK |y 4 |x 20200115 |z v.1 | ||
| 852 | |a INST |b LESVOS |e 19991123 |h 530.15 COU |p 005100018980 |q 005100018980 |t BK |v v.2: |y 4 |x 20200115 |z v.2 | ||
| 852 | |a INST |b LESVOS |e 20000515 |h 530.15 COU |p 005100024219 |q 005100024219 |t BK |v v.1: |y 4 |x 20200115 |z v.1 | ||
| 852 | |a INST |b SAMOS |e 19941103 |h 530.15 COU |p 005300002741 |q 005300002741 |t BK |y 0 |z v.1 | ||
| 852 | |a INST |b SAMOS |e 19941103 |h 530.15 COU |p 005300002747 |q 005300002747 |t BK |y 0 |z v.2 | ||
| 852 | |a INST |b SAMOS |e 19941103 |h 530.15 COU |p 005300003238 |q 005300003238 |t BK |y 0 |z v.1 | ||
| 852 | |a INST |b SAMOS |e 19941103 |h 530.15 COU |p 005300003239 |q 005300003239 |t BK |y 0 |z v.2 | ||
| 852 | |a INST |b SAMOS |e 19941103 |h 530.15 COU |p 005300003623 |q 005300003623 |t BK |y 0 |z v.2 | ||
| 852 | |a INST |b SAMOS |e 19941103 |h 530.15 COU |p 005300003822 |q 005300003822 |t BK |y 0 |z v.2 | ||
| 852 | |a INST |b SAMOS |e 19941103 |h 530.15 COU |p 005300003823 |q 005300003823 |t BK |y 0 |z v.1 | ||
| 852 | |a INST |b SAMOS |e 19941103 |h 530.15 COU |p 005300008084 |q 005300008084 |t BK |y 0 |z v.2 | ||
| 852 | |a INST |b SAMOS |e 19941103 |h 530.15 COU |p 005300010218 |q 005300010218 |t BK |y 0 |z v.1 | ||
| 852 | |a INST |b SAMOS |e 19990406 |h 530.15 COU |p 005300013103 |q 005300013103 |t BK |y 0 |z v.2 | ||
| 852 | |a INST |b SAMOS |e 19941103 |h 530.15 COU |p 005300002741 |q 005300002741 |t BK |v v.1: |y 0 |z v.1 | ||
| 852 | |a INST |b SAMOS |e 19941103 |h 530.15 COU |p 005300002747 |q 005300002747 |t BK |v v.2: |y 0 |z v.2 | ||
| 852 | |a INST |b SAMOS |e 19941103 |h 530.15 COU |p 005300003238 |q 005300003238 |t BK |v v.1: |y 0 |z v.1 | ||
| 852 | |a INST |b SAMOS |e 19941103 |h 530.15 COU |p 005300003239 |q 005300003239 |t BK |v v.2: |y 0 |z v.2 | ||
| 852 | |a INST |b SAMOS |e 19941103 |h 530.15 COU |p 005300003623 |q 005300003623 |t BK |v v.2: |y 0 |z v.2 | ||
| 852 | |a INST |b SAMOS |e 19941103 |h 530.15 COU |p 005300003822 |q 005300003822 |t BK |v v.2: |y 0 |z v.2 | ||
| 852 | |a INST |b SAMOS |e 19941103 |h 530.15 COU |p 005300003823 |q 005300003823 |t BK |v v.1: |y 0 |z v.1 | ||
| 852 | |a INST |b SAMOS |e 19941103 |h 530.15 COU |p 005300008084 |q 005300008084 |t BK |v v.2: |y 0 |z v.2 | ||
| 852 | |a INST |b SAMOS |e 19941103 |h 530.15 COU |p 005300010218 |q 005300010218 |t BK |v v.1: |y 0 |z v.1 | ||
| 852 | |a INST |b SAMOS |e 19990406 |h 530.15 COU |p 005300013103 |q 005300013103 |t BK |v v.2: |y 0 |z v.2 | ||
| 853 | |a INST |b LESVOS |h 530.15 COU | ||
| 853 | |a INST |b SAMOS |h 530.15 COU | ||
| 901 | |a BIBL-1999-1 | ||
| 909 | |a Σ |b 023221 | ||
| 909 | |a Σ |b 025336 | ||
| 909 | |a Σ |b 025338 | ||
| 909 | |a Σ |b 025337 | ||
| 909 | |a Σ |b 064127 | ||
| 909 | |a Σ |b 023222 | ||
| 909 | |a Σ |b 018301 | ||
| 909 | |a Σ |b 031537 | ||
| 909 | |a Σ |b 029618 | ||
| 909 | |a Σ |b 031538 | ||
| 909 | |a Λ |b 070807 | ||
| 909 | |a Λ |b 077990 | ||
| 922 | |a 3ΕΛΗ |b 199901 |c ΚΠΣ |d GLORY | ||
| 922 | |a 1ΕΛΗ |b 199911 |c ΚΠΣ/ΜΥΡΙΤΖΗΣ |d ΠΑΠΑΣΩΤΗΡΙΟΥ | ||
| 950 | |a 182-1999-10-11 | ||
| 970 | |a ΚΑΜΑΤΣΟΥ |b ΔΕΣΠΟΙΝΑ |z 2000/05/17 | ||